000 00434nam a2200169 a 4500
001 0000-9138
003 ELIB.Books
008 110520 1991
035 _a(ELIB.Books)0000-9290
082 _a268
_bLar
100 _aLarcowbe, Iennifer Rees
245 _aUnexpected Healing
260 _bLondon; Hodder and Stoughton
_c1991
650 _aChristian Education
942 _2ddc
_cBK
998 _cbat
_e2011-05-20
999 _c9138
_d9138